| 000 | 01002nam0a2200277 4500 | ||
|---|---|---|---|
| 001 | RU\NLR\BIBL_A\011652167 | ||
| 005 | 20250810072553.0 | ||
| 035 | _a(NLR Aleph) 011652167 | ||
| 090 |
_a13415869 _c13415869 |
||
| 100 | _a20180305d1941 d y0rusy50 ca | ||
| 101 | 0 | _achv | |
| 102 | _aRU | ||
| 105 | _aa z 000 y | ||
| 200 | 1 |
_aКěске калавсем _e[шк. çулне çитмен ачасем валли] _fИлле Тукташ _gукерчěкěсене Г.Харлампьев тунă |
|
| 210 |
_aШупашкар _cЧăваш АССР Гос. изд-ви _d1941 |
||
| 215 |
_a29,[2] с. _cил. _d21 |
||
| 541 | 1 | _aМаленькие рассказы | |
| 686 | 1 | _aШ9(2)6=Чув.-4 | |
| 700 | 1 |
_aТукташ _bИ. С. _f1907-1957 _gИлья Семенович |
|
| 852 |
_aNLR _bОНЛ _jЧув./3-502 |
||
| 852 |
_aNLR _bОНЛ _jЧув./3-502 |
||
| 942 | _cBOOK | ||
| 945 | _aРоссийская национальная библиотека | ||
| 980 | _aBV | ||
| 980 | _aNB | ||